| 000 | 00494nam a2200217Ia 4500 | ||
|---|---|---|---|
| 003 | 0100 | ||
| 008 | 130303s9999 xx 000 0 und d | ||
| 020 | _a0710076649 | ||
| 040 | _cARRUPELIB | ||
| 050 | _aB395.G46 1973 | ||
| 100 | _aGosling, J. C. B | ||
| 245 | _aPlato | ||
| 260 | _aLondon | ||
| 260 | _bRoutledge & Kegan Paul | ||
| 260 | _C1973 | ||
| 300 | _aviii | ||
| 300 | _b 319p. 24cm. | ||
| 440 | _aThe arguments of the philosophers | ||
| 650 | _aPHILOSOPHY | ||
| 942 | 0 | 0 | _02 |
| 999 |
_c11948 _d11948 |
||